<?xml version="1.0" encoding="UTF-8"?>
<collection xmlns="http://www.loc.gov/MARC21/slim">
    <record>
        <controlfield tag="001">14687</controlfield>
        <controlfield tag="005">20150325205458.0</controlfield>
        <datafield tag="037" ind1=" " ind2=" ">
            <subfield code="a">TAZ-TFG-2014-768</subfield>
        </datafield>
        <datafield tag="041" ind1=" " ind2=" ">
            <subfield code="a">spa</subfield>
        </datafield>
        <datafield tag="100" ind1="1" ind2=" ">
            <subfield code="a">Escusa Abril, Julia</subfield>
        </datafield>
        <datafield tag="245" ind1="0" ind2="0">
            <subfield code="a">La Percepción de Riesgo del consumo de cánnabis en jóvenes de 18 - 25 años pertenenientes al CMAPA de Zaragoza</subfield>
        </datafield>
        <datafield tag="260" ind1=" " ind2=" ">
            <subfield code="a">Zaragoza</subfield>
            <subfield code="b">Universidad de Zaragoza</subfield>
            <subfield code="c">2014</subfield>
        </datafield>
        <datafield tag="506" ind1=" " ind2=" ">
            <subfield code="a">by-nc-sa</subfield>
            <subfield code="b">Creative Commons</subfield>
            <subfield code="c">3.0</subfield>
            <subfield code="u">http://creativecommons.org/licenses/by-nc-sa/3.0/</subfield>
        </datafield>
        <datafield tag="500" ind1=" " ind2=" ">
            <subfield code="a">Cannabis is the most widely used illegal substance in Spain. The overall objective of this work is "to know the perception of risk in youth 18 to 25 years for cannabis belonging to CMAPA program."   First of all, there was a review of previous literature regarding this issue, after that 18 interviews and surveys were conducted simultaneously with youth. This means that is a mixed investigation and possess a descriptive character because it analysis the information obtained. In conclusion, it is confirmed that there is little perceived risk on cannabis use. It also noted that young people are sufficiently informed about cannabis, youths usually start at the age of 14 due to the easy access among young people.   And to conclude, there was suggested a preventive/ educational proposal not only with Youth but with the rest of the society. It was based on the development of the perception of risk from addictive to anticipate the emergence of problematic use behaviors.</subfield>
        </datafield>
        <datafield tag="520" ind1=" " ind2=" ">
            <subfield code="a">El cánnabis es la sustancia ilegal más consumida en España. El objetivo general del presente trabajo es “conocer la percepción de riesgo en jóvenes de 18 hasta 25 años por consumo de cannabis, pertenecientes al programa CMAPA”. Se realizó una revisión bibliográfica sobre el tema y se concertaron 18 entrevistas y encuestas realizadas de manera simultánea con los jóvenes. Esto significa que es una investigación mixta y su carácter descriptivo, puesto que analiza la información obtenida. En conclusión, se corroboró que existe una escasa percepción de riesgo sobre el consumo de cánnabis. Así mismo, se destacó que los jóvenes están suficientemente informados sobre el cánnabis, que la edad de inicio es a los 14 años y que existe un fácil acceso a la misma en la sociedad. Y para finalizar, se elaboró una propuesta de actuación preventiva/educativa, no sólo con los jóvenes sino el resto de la comunidad, basada en el desarrollo de la percepción de riesgo ante las conductas adictivas para anticiparse a la aparición de consumos problemáticos.</subfield>
        </datafield>
        <datafield tag="521" ind1=" " ind2=" ">
            <subfield code="a">Graduado en Trabajo Social</subfield>
        </datafield>
        <datafield tag="540" ind1=" " ind2=" ">
            <subfield code="a">Derechos regulados por licencia Creative Commons</subfield>
        </datafield>
        <datafield tag="653" ind1="1" ind2=" ">
            <subfield code="a">consumo de cánnabis</subfield>
        </datafield>
        <datafield tag="653" ind1="1" ind2=" ">
            <subfield code="a">factores de riesgo y de protección</subfield>
        </datafield>
        <datafield tag="653" ind1="1" ind2=" ">
            <subfield code="a">intervención del trabajador social</subfield>
        </datafield>
        <datafield tag="653" ind1="1" ind2=" ">
            <subfield code="a">jóvenes</subfield>
        </datafield>
        <datafield tag="653" ind1="1" ind2=" ">
            <subfield code="a">percepción de riesgo</subfield>
        </datafield>
        <datafield tag="653" ind1="1" ind2=" ">
            <subfield code="a">pluriconsumo (policonsumo)</subfield>
        </datafield>
        <datafield tag="653" ind1="1" ind2=" ">
            <subfield code="a">prevención</subfield>
        </datafield>
        <datafield tag="700" ind1=" " ind2=" ">
            <subfield code="a">Villas Abadía, Luis</subfield>
            <subfield code="e">dir.</subfield>
        </datafield>
        <datafield tag="710" ind1="2" ind2=" ">
            <subfield code="a">Universidad de Zaragoza</subfield>
            <subfield code="b">Psicología y Sociología</subfield>
            <subfield code="c">Sociología</subfield>
        </datafield>
        <datafield tag="856" ind1="0" ind2=" ">
            <subfield code="f">627163@celes.unizar.es</subfield>
        </datafield>
        <datafield tag="856" ind1="4" ind2=" ">
            <subfield code="s">1946337</subfield>
            <subfield code="u">http://zaguan.unizar.es/record/14687/files/TAZ-TFG-2014-768.pdf</subfield>
            <subfield code="y">Memoria (spa)</subfield>
        </datafield>
        <datafield tag="909" ind1="C" ind2="O">
            <subfield code="o">oai:zaguan.unizar.es:14687</subfield>
            <subfield code="p">driver</subfield>
            <subfield code="p">trabajos-fin-grado</subfield>
        </datafield>
        <datafield tag="950" ind1=" " ind2=" ">
            <subfield code="a"></subfield>
        </datafield>
        <datafield tag="980" ind1=" " ind2=" ">
            <subfield code="a">TAZ</subfield>
            <subfield code="b">TFG</subfield>
            <subfield code="c">SOCIZ</subfield>
        </datafield>
    </record>

    
</collection>